000
00261 a2200121 4500
001
150606
040
_c
Escola São Tomás de Aquino
100
_a
MARQUES, Cristina
240
1
0
_a
Cumprimento
_l
por
245
1
0
_a
Cumprimento
697
_a
RELIGIÃO
942
_c
BK
999
_c
150606
_d
150606